| 000 | 01263cam a22001814a 4500 | ||
|---|---|---|---|
| 005 | 20250605164400.0 | ||
| 008 | 250528s ||||||||||||||||||||||||d | ||
| 035 | _a24563 | ||
| 040 |
_aGR-AtMCL _bgre _dGR-AtMCL _eAACR2 |
||
| 245 | 1 | _aΈνθετο / Μελέτη Ε.Β.Ε.Α. 5G: Η Περίπτωση της Ελλάδας | |
| 260 |
_bΕμπορικό Και Βιομηχανικό Επιμελητήριο Αθηνών, _c2021 |
||
| 300 | _a64 | ||
| 520 | _aΝέο Πρόγραμμα Επιδότησης Επιχειρηματικών Δανείων 'Γέφυρα 2', ΦΑΟΣ 8 ή Αλλιώς Απέραντο Φως, Ποιών Επιχειρήσεων τα Δάνεια θα Επιδοτούνται για 8 Μήνες, Τα 12 Μεγάλα Έργα Υποδομών που Περιλάμβάνονται στο Ταμείο Ανάκαμψης, Η Ευρώπη Ετοιμάζεται για τα Πρώτα Χρήματα του Ταμείου Ανάκαμψης, Δίκτυα Διανομής Φυσικού Αερίου σε Επτά Περιφέρειες της Χώρας, Η Ώρα του Τραμ στον Πειραιά. | ||
| 700 | 1 |
_aΜίχαλος Κωνσταντίνος _94319 |
|
| 942 | _cCR | ||
| 999 |
_c9437 _d9437 |
||